00543nam a22001337a 4500003000400000005001700004008004100021040002500062082001500087100002600102245012300128260013800251300002000389OSt20220420114855.0110301s2019 dr c 000 0 spa d aDO-SdBNPbspacBNPHU axxxxbI73r1 aIsa Contreras, Pavel 10aResumen 30 años de la convención sobre los derechos del niño en la República Dominicana /cPavel Isa Contreras aSanto Domingo :bFondo de las Naciones Unidas para la Infancia (UNICEF). bConsejo Nacional para la Niñez y la Adolescencia c2019. a26 p. :c28 cm.